| 000 -ლიდერი |
| ფიქსირებული სიგრძის საკონტროლო ველი |
02135nam a22002297a 4500 |
| 003 - საკონტროლო ნომრის იდენტიფიკატორი |
| საკონტროლო ველი |
Ge_BSU |
| 005 - ბოლო ოპერაციის თარიღი და დრო |
| საკონტროლო ველი |
20230602154029.0 |
| 008 - ფიქსირებული სიგრძის მონაცემთა ელემენტები - ზოგადი ინფორმაცია |
| ფიქსირებული სიგრძის საკონტროლო ველი |
230602s2018ge xxu||||| |||| 00| 0 geo d |
| 020 ## - წიგნის საერთაშორისო სტანდარტული ნომერი |
| International Standard Book Number |
9790801574169 |
| 041 ## - ენის კოდი |
| Language code of text/sound track or separate title |
geo |
| 080 ## - უნივერსალური ათობითი კლასიფიკაციის ინდექსი |
| Universal Decimal Classification number |
783(479.22)შ-48 |
| 245 ## - ცნობა სათაურის შესახებ |
| Title |
შენ ხარ ვენახი [ნოტი] : |
| Remainder of title |
მეფე დემეტრე I ბაგრატიონის ჰიმნი = You are a Vineyard : Hymn by King Demetre I Bagrationi / |
| Statement of responsibility, etc |
შემდგენლები: სვომონ (ჯიქი) ჯანგულაშვილი, ლევან ვეშაპიძე ; რედაქტორი: რუსუდან წურწუმია ; კომპიუტერული უზრუნველყოფა: ლევან ვეშაპიძე ; მთარგმნელები: მარიამ ცოცხალაშვილი, ერიკ ჰალვორსონი ; ხმის რეჟისორები: გიორგი აბრამიშვილი, არჩილ ბურჭულაძე ; ნახატი გარეკანზე: ანუკ ბელუგა ; პროექტის კოორდინატორი: ნინო რაზმაძე ; |
| 264 ## - წარმოების, გამოცემის, დისტრიბუციის და სხვა ცნობები |
| გამოცემის, წარმოების, დისტრიბუციის... ადგილი |
ვარშავა = Warszawa : |
| გამოცემის, წარმოების, დისტრიბუციის... სახელწოდება |
PWN, |
| გამოცემის, წარმოების, დისტრიბუციის... თარიღი |
2018. |
| 300 ## - ფიზიკური აღწერა |
| Extent |
70 გვ. ; |
| Other physical details |
28 სმ. |
| 500 ## - ზოგადი შენიშვნა |
| General note |
ქართული ანბანის საერთაშორისო ტრანსკრიფცია: გვ. 12 |
| 546 ## - LANGUAGE NOTE |
| Language note |
წინასიტყვაობა ქართ., ინგლ. ენ. : გვ. 3-10 |
| 653 ## - INDEX TERM--UNCONTROLLED |
| Uncontrolled term |
შუა საუკუნეების ქართული გალობა = Medieval Georgian Chant Medieval Georgian Chant |
| 700 ## - ADDED ENTRY--PERSONAL NAME |
| Personal name |
ჯანგულაშვილი,სვომონ |
| Relator term |
შემდგენელი |
| 9 (RLIN) |
18433 |
| 700 ## - ADDED ENTRY--PERSONAL NAME |
| Personal name |
ვეშაპიძე, ლევან |
| Relator term |
შემდგენელი |
| 9 (RLIN) |
18434 |
| 700 ## - ADDED ENTRY--PERSONAL NAME |
| Personal name |
წურწუმია, რუსუდან |
| Relator term |
რედაქტორი და სხვ |
| 9 (RLIN) |
18435 |
| 942 ## - ADDED ENTRY ELEMENTS (KOHA) |
| Source of classification or shelving scheme |
|
| Koha item type |
წიგნი |